LEADER 00691nam0-22002651i-450- 001 990004725880403321 005 19990530 035 $a000472588 035 $aFED01000472588 035 $a(Aleph)000472588FED01 035 $a000472588 100 $a19990530g19539999km-y0itay50------ba 101 0 $aita 105 $ay-------001yy 200 1 $aDaniela$eRoman$fLuise Rinser 210 $aFrankfurt am Main$cS.Fischer$d1953. 215 $a318 p.$d19 cm 700 1$aRinser,$bLuise$f<1911-2002> 801 0$aIT$bUNINA$gRICA$2UNIMARC 901 $aBK 912 $a990004725880403321 952 $aTX-RI-23$bFil.Mod. 6279$fFLFBC 959 $aFLFBC 996 $aDaniela$9182199 997 $aUNINA LEADER 01512nam 2200493 450 001 9910824256903321 005 20230617014500.0 035 $a(CKB)2670000000387689 035 $a(SSID)ssj0001035020 035 $a(PQKBManifestationID)11658914 035 $a(PQKBTitleCode)TC0001035020 035 $a(PQKBWorkID)11030072 035 $a(PQKB)10157970 035 $a(MiAaPQ)EBC3387156 035 $a(Au-PeEL)EBL3387156 035 $a(CaPaEBR)ebr10722160 035 $a(OCoLC)927473295 035 $a(EXLCZ)992670000000387689 100 $a20140308h20042004 uy 0 101 0 $aeng 135 $aurcnu|||||||| 181 $ctxt 182 $cc 183 $acr 200 04$aThe annual register $ea record of world events 2003 /$fedited by D. S. Lewis ; deputy editor Wendy Slater ; assisted by Laura Clifton 210 1$aBethesda, Maryland :$cKeesing's Worldwide,$d2004. 210 4$dİ2004 215 $a1 online resource (268 pages) $cillustrations 300 $aFirst edited in 1758 by Edmund Burke. 300 $aIncludes index. 311 $a1-886994-47-1 607 $aGreat Britain$xHistory$y21st century$vPeriodicals 607 $aEngland$vPeriodicals 676 $a941.082 701 $aLewis$b D. S$01623618 701 $aSlater$b Wendy$01623619 701 $aClifton$b Laura$01711006 801 0$bMiAaPQ 801 1$bMiAaPQ 801 2$bMiAaPQ 906 $aBOOK 912 $a9910824256903321 996 $aThe annual register$94102022 997 $aUNINA